| 000 | 00738nam a2200253 a 4500 | ||
|---|---|---|---|
| 001 | 76627 | ||
| 003 | BD-RjUL | ||
| 005 | 20211209082851.0 | ||
| 008 | 191226s1930 inu 000 0 eng | ||
| 035 | _a(BD-RjUL)76851 | ||
| 040 |
_aDLC _cCarP _dDLC _beng |
||
| 041 | _aeng | ||
| 082 |
_223 _a813.52 _bSTB 1930 |
||
| 100 | 1 |
_aStone, Grace Zaring, _d1891-1991. _9236952 |
|
| 245 | 0 | 4 |
_aThe bitter tea of General Yen / _cGrace Zaring Stone |
| 260 |
_aIndianapolis : _bThe Bobbs-Merrill company, _cc1930. |
||
| 300 |
_a322 p.: _bill.; _c21 cm. |
||
| 650 |
_aChina _9236953 |
||
| 650 |
_aMissionaries, Medical _9236954 |
||
| 650 |
_aAmericans _9236955 |
||
| 942 |
_2ddc _cBK |
||
| 999 |
_c76627 _d76627 |
||